Quest of the Overself (Record no. 224287)
[ view plain ]
| 000 -LEADER | |
|---|---|
| fixed length control field | 00601nam a22002297a 4500 |
| 005 - DATE AND TIME OF LATEST TRANSACTION | |
| control field | 20220729112137.0 |
| 008 - FIXED-LENGTH DATA ELEMENTS--GENERAL INFORMATION | |
| fixed length control field | 220729b ||||| |||| 00| 0 eng d |
| 040 ## - CATALOGING SOURCE | |
| Transcribing agency | AL |
| 041 ## - LANGUAGE CODE | |
| Language code of text/sound track or separate title | English |
| 082 ## - DEWEY DECIMAL CLASSIFICATION NUMBER | |
| Edition number | 23 |
| Classification number | 248 |
| Item number | BRUQ |
| 100 ## - MAIN ENTRY--PERSONAL NAME | |
| Personal name | Paul Brunton |
| 100 ## - MAIN ENTRY--PERSONAL NAME | |
| 9 (RLIN) | 53977 |
| 245 ## - TITLE STATEMENT | |
| Title | Quest of the Overself |
| 260 ## - PUBLICATION, DISTRIBUTION, ETC. | |
| Place of publication, distribution, etc. | London |
| Name of publisher, distributor, etc. | Rider and Company |
| Date of publication, distribution, etc. | 1955 |
| 300 ## - PHYSICAL DESCRIPTION | |
| Extent | 235 p. |
| Other physical details | HB |
| Dimensions | 22x1 cm. |
| 650 ## - SUBJECT ADDED ENTRY--TOPICAL TERM | |
| Topical term or geographic name entry element | Yoga |
| 9 (RLIN) | 53978 |
| 650 ## - SUBJECT ADDED ENTRY--TOPICAL TERM | |
| Topical term or geographic name entry element | Meditation |
| 9 (RLIN) | 53979 |
| 650 ## - SUBJECT ADDED ENTRY--TOPICAL TERM | |
| Topical term or geographic name entry element | Mind and body |
| 9 (RLIN) | 53980 |
| 650 ## - SUBJECT ADDED ENTRY--TOPICAL TERM | |
| Topical term or geographic name entry element | Metaphysics |
| 9 (RLIN) | 53981 |
| 650 ## - SUBJECT ADDED ENTRY--TOPICAL TERM | |
| Topical term or geographic name entry element | Yoga, Laya |
| 9 (RLIN) | 53982 |
| 700 ## - ADDED ENTRY--PERSONAL NAME | |
| Personal name | BRUNTON (Paul) |
| 9 (RLIN) | 53983 |
| 942 ## - ADDED ENTRY ELEMENTS (KOHA) | |
| Source of classification or shelving scheme | Dewey Decimal Classification |
| Koha item type | George Fernandes Collections |
| Withdrawn status | Lost status | Source of classification or shelving scheme | Damaged status | Not for loan | Collection code | Home library | Current library | Date acquired | Total Checkouts | Full call number | Barcode | Date last seen | Price effective from | Koha item type |
|---|---|---|---|---|---|---|---|---|---|---|---|---|---|---|
| Dewey Decimal Classification | Others | St Aloysius Library | St Aloysius Library | 03/23/2013 | 248 BRUQ | GF03566 | 07/29/2022 | 07/29/2022 | George Fernandes Collections |